000 00888naa a22002537a 4500
001 BR7902597
003 BR-BrBNA
005 20250714163000.0
007 ta
008 250630b bl.|||m| |||| 00| 0 por d
040 _aBR-BrBNA
_bpor
_cBiblioteca Nacional de Agricultura
041 _a(Pt)
072 _aF00
_b0120
090 _aF00 BR7902597
100 1 _aSilva, W.R. da
245 1 _aColheita e processamento do produto [milho, Zea mays]
500 _aManual agropecuario para o Parana Londrina, PR (Brasil): 1978. p. 327-329 [22 ref.] (BR7902597-AMS)
773 0 _tManual agropecuario para o Parana
_wF00 BR7902597
_gLondrina, PR (Brasil), 1978. p. 327-329
650 _aMILHO
650 _aCOLHEITA
490 _aManual Agropecuario para o Parana - Fundacao Instituto Agronomico do Parana (Brazil)
_vv. 2
942 _cAMS
_2AGRIS
909 _a202506
_bLúcia
_c55
_dLúcia Elande
999 _c333274
_d333274